| 000 | 01021nas a2200313 4500 | ||
|---|---|---|---|
| 001 | BR2011008215 | ||
| 003 | BR-BrBNA | ||
| 005 | 20231205115852.0 | ||
| 007 | ta | ||
| 008 | 230509b bl.|||p| |||| 00| 00por d | ||
| 040 |
_aBR-BrBNA _bpor _cBiblioteca Nacional de Agricultura |
||
| 041 | _a(Pt) | ||
| 072 | _aL70; L74 | ||
| 100 | 1 | _aPinheiro, M. | |
| 100 | 1 | _aPeres, C.M. | |
| 100 | 1 | _aSchossler, J.E. | |
| 245 | 1 | _aImobilização externa com canaleta de alumínio em fraturas de rádio e ulna em cães | |
| 246 | 1 | _aExternal immobilization with aluminum cast in radio and ulna fractures in dogs | |
| 650 | _aCÃO | ||
| 650 | _aFRATURA | ||
| 650 | _aOSSO | ||
| 650 | _aCICATRIZAÇÃO | ||
| 650 | _aTRATAMENTO | ||
| 650 | _a | ||
| 650 | _a | ||
| 773 | 0 |
_tMEDVEP. Revista Científica de Medicina Veterinária. Pequenos Animais e Animais de Estimação (Brazil) _xISSN 1678-1430 _g(Jul-Sep 2010), v. 8(26) p. 490-495 _wBR2011008215 |
|
| 909 |
_a202311 _bLúcia _c55 _dLúcia Elande |
||
| 942 |
_2AGRIS _n0 _cANA |
||
| 999 |
_c216086 _d216086 |
||